[Event "BL 9293 Empor Berlin-Koblenz"]
[Site "?"]
[Date "1993.??.??"]
[Round "?.8"]
[White "Meissner, HJ."]
[Black "Wolf, V."]
[Result "1/2-1/2"]
[WhiteElo "2280"]
[BlackElo "2320"]
[PlyCount "143"]
[EventDate "1993.??.??"]

1. e4 Nf6 2. e5 Nd5 3. d4 d6 4. Nf3 Nb6 5. a4 a5 6. Bb5+ c6 7. Bd3 Bg4 8. h3
Bxf3 9. Qxf3 dxe5 10. dxe5 e6 11. O-O N8d7 12. Re1 Qc7 13. Qg3 g6 14. Nd2 Bg7
15. Nf3 O-O 16. h4 Nc5 17. Bf1 h5 18. b3 Nd5 19. Ba3 Qb6 20. Ng5 Qa7 21. Rad1
Rab8 22. Qf3 b6 23. Ne4 Rfd8 24. Nf6+ Nxf6 25. exf6 Bh8 26. c4 Qc7 27. Bb2 Rxd1
28. Rxd1 e5 29. g3 Re8 30. Bh3 e4 31. Qe3 Rd8 32. Rxd8+ Qxd8 33. Qd4 Qxd4 34.
Bxd4 Nxb3 35. Bxb6 Bxf6 36. Bd7 Bd4 37. Bc7 c5 38. Bb5 Bc3 39. Kf1 Nd4 40. Bb6
Bb4 41. Ba6 f5 42. Bb7 Kf7 43. Bc7 Ke7 44. Bf4 Ne6 45. Be5 Nd4 46. Bf4 Nf3 47.
Ke2 Kf6 48. Bc7 Nd4+ 49. Kd1 Ne6 50. Bd6 Bc3 51. Bb8 Be5 52. Ba7 Bd4 53. Ke2
Bc3 54. Bb8 Be5 55. Ba7 Bc3 56. Bb8 Nd4+ 57. Kd1 Nf3 58. Bd5 Bd4 59. Ke2 Be5
60. Ba7 Nd4+ 61. Ke3 Nb3 62. Bb6 Bd4+ 63. Ke2 Nc1+ 64. Kf1 Nb3 65. Bd8+ Kg7 66.
Ke2 Nc1+ 67. Kf1 Bc3 68. Bb6 Bb4 69. Bc7 Kh7 70. Bd8 Nd3 71. Bc6 Kg7 72. Ke2
1/2-1/2

[Event "BL 9293 Porz-Empor Berlin"]
[Site "?"]
[Date "1993.??.??"]
[Round "?.2"]
[White "Vaganian, R."]
[Black "Muse, M."]
[Result "1-0"]
[WhiteElo "2615"]
[BlackElo "2490"]
[PlyCount "83"]
[EventDate "1993.??.??"]

1. Nf3 Nf6 2. g3 g6 3. Bg2 Bg7 4. c4 O-O 5. O-O c6 6. Nc3 d6 7. d3 Nh5 8. Bd2
f5 9. b4 Na6 10. Rb1 Qe8 11. Qc1 e5 12. Bh6 Nf6 13. Bxg7 Kxg7 14. b5 Nc5 15.
bxc6 bxc6 16. d4 Na6 17. dxe5 dxe5 18. Qa3 Nd7 19. Na4 Rf6 20. e4 Qf8 21. Qc3
Nac5 22. Nxc5 Qxc5 23. exf5 gxf5 24. Nh4 Nb6 25. Nf3 Nd7 26. Kh1 e4 27. Nh4 Ne5
28. f3 exf3 29. Nxf3 Nxf3 30. Rxf3 Ba6 31. g4 Kf7 32. g5 Re6 33. Rbf1 Qxc4 34.
Rxf5+ Kg8 35. Qa3 Ree8 36. g6 hxg6 37. Rf6 Qd3 38. Qc1 Qe3 39. Rf8+ Kg7 40.
Qxe3 Rxe3 41. Rxa8 Bxf1 42. Rxa7+ 1-0

[Event "BL 9293 Porz-Empor Berlin"]
[Site "?"]
[Date "1993.??.??"]
[Round "?.3"]
[White "Chekhov, V."]
[Black "Hickl, J."]
[Result "1/2-1/2"]
[WhiteElo "2480"]
[BlackElo "2540"]
[PlyCount "89"]
[EventDate "1993.??.??"]

1. d4 Nf6 2. c4 d6 3. Nc3 Nbd7 4. Nf3 c6 5. e4 e5 6. Be2 Be7 7. O-O O-O 8. d5
a6 9. Be3 cxd5 10. cxd5 Ng4 11. Bd2 b5 12. Ne1 Ngf6 13. Nc2 Nc5 14. f3 Bd7 15.
b4 Na4 16. Nxa4 bxa4 17. Na3 Qb8 18. Kh1 Rc8 19. Rb1 Ne8 20. b5 axb5 21. Bxb5
Qc7 22. Rc1 Qb7 23. Qe2 Bxb5 24. Qxb5 Rxc1 25. Rxc1 Qxb5 26. Nxb5 Rb8 27. Na3
f5 28. Rb1 Rxb1+ 29. Nxb1 fxe4 30. fxe4 Nf6 31. Nc3 Bd8 32. Bg5 Nxd5 33. Nxd5
Bxg5 34. Kg1 Kf7 35. Kf2 Bc1 36. Ke2 Bb2 37. Kd3 a3 38. Kc4 Bd4 39. Kb5 Kg6 40.
Kc6 Bc5 41. Nc7 Bg1 42. h3 Kh5 43. Ne8 Kh4 44. Nxg7 Kg3 45. Kxd6 1/2-1/2

[Event "BL 9293 Porz-Empor Berlin"]
[Site "?"]
[Date "1993.??.??"]
[Round "?.4"]
[White "Knaak, R."]
[Black "Poldauf, D."]
[Result "1-0"]
[WhiteElo "2515"]
[BlackElo "2400"]
[PlyCount "59"]
[EventDate "1993.??.??"]

1. d4 Nf6 2. c4 g6 3. Nc3 Bg7 4. e4 d6 5. f3 O-O 6. Be3 e5 7. d5 Nh5 8. Qd2 f5
9. O-O-O Nd7 10. exf5 gxf5 11. Bd3 Nc5 12. Bc2 a5 13. Nge2 Qe8 14. Rde1 Qf7 15.
Rhg1 Bd7 16. g4 fxg4 17. fxg4 Nf4 18. Ng3 Bxg4 19. Nge4 Nxe4 20. Nxe4 Qh5 21.
Bxf4 Rxf4 22. h3 Bf3 23. Qxf4 exf4 24. Nf6+ Kf7 25. Nxh5 Bxh5 26. Bxh7 f3 27.
Rgf1 Rf8 28. Re4 Be5 29. Rh4 Kg7 30. Rxh5 1-0

[Event "BL 9293 Porz-Empor Berlin"]
[Site "?"]
[Date "1993.??.??"]
[Round "?.5"]
[White "Stern, R."]
[Black "Van Wely, L."]
[Result "1/2-1/2"]
[WhiteElo "2345"]
[BlackElo "2560"]
[PlyCount "153"]
[EventDate "1993.??.??"]

1. d4 Nf6 2. c4 g6 3. Nf3 Bg7 4. g3 O-O 5. Bg2 d6 6. O-O Nbd7 7. Nc3 e5 8. e4
exd4 9. Nxd4 Re8 10. h3 a6 11. Be3 Rb8 12. Rb1 c5 13. Nc2 Ne5 14. b3 b5 15. f4
Ned7 16. cxb5 axb5 17. b4 Nh5 18. Ne2 Qe7 19. Bf2 Bb7 20. Re1 Bxe4 21. Ned4
Ndf6 22. bxc5 dxc5 23. Nc6 Qb7 24. Nxb8 Rxb8 25. Bf1 Qa6 26. a3 Qa4 27. Rc1 c4
28. Qd6 Ra8 29. Nd4 Bf8 30. Qb6 Qxa3 31. Nxb5 Qf3 32. Rxe4 Nxe4 33. Bg2 Qd3 34.
Qc6 Nxf2 35. Qxa8 Nxh3+ 36. Kh1 Nxg3+ 37. Kh2 Nxf4 38. Qf3 Nge2 39. Qxd3 cxd3
40. Rd1 Kg7 41. Be4 h5 42. Bxd3 Nxd3 43. Rxd3 Nf4 44. Rd7 g5 45. Kg3 Kg6 46.
Nd4 h4+ 47. Kg4 h3 48. Nf3 f5+ 49. Kg3 Nh5+ 50. Kh2 Kf6 51. Nd4 g4 52. Nxf5
Kxf5 53. Rf7+ Kg5 54. Rxf8 Kh4 55. Rg8 g3+ 56. Kg1 Nf6 57. Rg7 Ne4 58. Rh7+ Kg4
59. Ra7 Nc3 60. Rg7+ Kf3 61. Rf7+ Ke3 62. Re7+ Ne4 63. Re8 Kf4 64. Rf8+ Kg4 65.
Rb8 Nf6 66. Rb4+ Kg5 67. Ra4 Nh5 68. Ra8 Kg4 69. Ra3 Nf4 70. Ra4 Kf5 71. Ra5+
Ke4 72. Ra4+ Ke3 73. Ra3+ Nd3 74. Ra8 h2+ 75. Kg2 Nf4+ 76. Kh1 Kf2 77. Rg8
1/2-1/2

[Event "BL 9293 Porz-Empor Berlin"]
[Site "?"]
[Date "1993.??.??"]
[Round "?.6"]
[White "Vogt, L."]
[Black "Thinius, M."]
[Result "1-0"]
[WhiteElo "2520"]
[BlackElo "2310"]
[PlyCount "85"]
[EventDate "1993.??.??"]

1. e4 e5 2. Nf3 Nc6 3. Bb5 a6 4. Ba4 Nf6 5. O-O Be7 6. Bxc6 dxc6 7. d3 Nd7 8.
Nbd2 O-O 9. Nc4 f6 10. d4 exd4 11. Nxd4 Nc5 12. f3 Bd6 13. Be3 Qe8 14. Qd2 Be5
15. Rad1 Be6 16. Nxe5 fxe5 17. Nxe6 Nxe6 18. Qc3 Nd8 19. Rf2 Rf6 20. Qb3+ Kh8
21. Rfd2 b5 22. Qc3 h6 23. Bf2 Nf7 24. Qa5 Nd6 25. b3 Qe7 26. Bh4 g5 27. Bg3
Re6 28. h3 Kh7 29. Qc3 Qe8 30. Qa5 Qe7 31. a4 Kg6 32. Bf2 Rf6 33. Bc5 Re6 34.
Qb4 a5 35. Qc3 b4 36. Qe3 Rf6 37. c3 bxc3 38. Qxc3 Re6 39. Ba3 Qd7 40. Rd3 Ra6
41. Qd2 c5 42. Bxc5 Qc6 43. Bf2 1-0

[Event "BL 9293 Porz-Empor Berlin"]
[Site "?"]
[Date "1993.??.??"]
[Round "?.7"]
[White "Rosenthal, D."]
[Black "Mainka, R."]
[Result "0-1"]
[WhiteElo "2330"]
[BlackElo "2515"]
[PlyCount "86"]
[EventDate "1993.??.??"]

1. e4 c5 2. Nf3 d6 3. d4 cxd4 4. Nxd4 Nf6 5. Nc3 e6 6. Be2 a6 7. a4 Nc6 8. O-O
Be7 9. Be3 O-O 10. f4 Qc7 11. Bf3 Rd8 12. Qe2 Nxd4 13. Bxd4 e5 14. Be3 Be6 15.
Qf2 Re8 16. Rad1 exf4 17. Bxf4 Rac8 18. Rd2 Nd7 19. Nd5 Bxd5 20. exd5 Ne5 21.
Be4 Bf6 22. Re2 g6 23. h3 Bg7 24. g4 Re7 25. Bg5 Rd7 26. b3 b5 27. axb5 axb5
28. Kg2 Re8 29. Qf4 Qc8 30. Qd2 Rc7 31. Rfe1 Qd7 32. Re3 Kh8 33. Qe2 f5 34.
gxf5 gxf5 35. Bd3 Rg8 36. Bxb5 Qf7 37. Kh2 f4 38. Re4 f3 39. Qf2 Bf6 40. Bxf6+
Qxf6 41. Bf1 Rcg7 42. Qh4 Qg6 43. Qf2 Qf5 0-1

[Event "BL 9293 Porz-Empor Berlin"]
[Site "?"]
[Date "1993.??.??"]
[Round "?.8"]
[White "Teske, H."]
[Black "Meissner, HJ."]
[Result "1/2-1/2"]
[WhiteElo "2480"]
[BlackElo "2280"]
[PlyCount "128"]
[EventDate "1993.??.??"]

1. e4 e5 2. Nf3 Nc6 3. Bb5 a6 4. Ba4 Nf6 5. Nc3 d6 6. d4 Bd7 7. O-O Be7 8. dxe5
Nxe5 9. Bxd7+ Nexd7 10. Nd4 O-O 11. Nf5 Kh8 12. Bg5 Ng8 13. Nxe7 Nxe7 14. Qd4
f6 15. Bh4 Qe8 16. Qc4 Rc8 17. Rad1 Qf7 18. Qb4 Nc5 19. f3 b5 20. Nd5 Nxd5 21.
Rxd5 Nd7 22. Bf2 Ne5 23. a4 f5 24. axb5 axb5 25. Rxb5 c5 26. Qb3 Qxb3 27. Rxb3
fxe4 28. fxe4 Kg8 29. Bg3 Rxf1+ 30. Kxf1 Nf7 31. Ke2 Kf8 32. Rb7 Ra8 33. c3 Ke8
34. Kd3 Ra1 35. Kc4 Rd1 36. e5 dxe5 37. Kxc5 g5 38. b4 h5 39. b5 h4 40. Rxf7
Kxf7 41. Bxe5 Ke6 42. Bc7 Kd7 43. b6 Rf1 44. Be5 Rf5 45. Kd5 Kc8 46. c4 Kb7 47.
c5 g4 48. Kd6 Rf1 49. Bd4 Rc1 50. h3 g3 51. Kd5 Rc2 52. Be3 Rc3 53. Bg5 Rc2 54.
Be3 Rc3 55. Bd4 Rc2 56. Kd6 Rc4 57. Be3 Rc3 58. Bg5 Rd3+ 59. Ke5 Kc6 60. Bxh4
Rd2 61. Bxg3 Rxg2 62. Kf4 Kxc5 63. Kf3 Rb2 64. Bf2+ Kd5 1/2-1/2

[Event "BL 9293 Koblenz-Stadthagen"]
[Site "?"]
[Date "1993.??.??"]
[Round "?.4"]
[White "Fritsche, L."]
[Black "Tischbierek, R."]
[Result "0-1"]
[WhiteElo "2390"]
[BlackElo "2490"]
[PlyCount "88"]
[EventDate "1993.??.??"]

1. e4 c5 2. Nc3 Nc6 3. g3 g6 4. d3 Bg7 5. Be3 d6 6. Qd2 Nd4 7. Bg2 Qa5 8. f4 e6
9. Nf3 Ne7 10. O-O Nec6 11. Nh4 f5 12. Qd1 O-O 13. Nb1 Qb6 14. Bc1 c4 15. Kh1
cxd3 16. cxd3 Nb4 17. Rf2 Bd7 18. Be3 Qa6 19. Nc3 Rac8 20. Rd2 Rfe8 21. Rc1 Nb5
22. d4 Nxa2 23. Nxa2 Qxa2 24. Ra1 Qc4 25. Bf1 Qc6 26. Qb3 fxe4 27. f5 Qd5 28.
Qxd5 exd5 29. fxg6 a6 30. gxh7+ Kxh7 31. Ng2 Rc7 32. Nf4 Rec8 33. Nxd5 Rc1 34.
Rxc1 Rxc1 35. Kg2 Bg4 36. Nf4 Bf3+ 37. Kf2 Rb1 38. Ne6 Bh6 39. Bd3 Rh1 40. h4
Rh2+ 41. Kf1 Rh1+ 42. Kf2 Rh2+ 43. Ke1 Rxd2 44. Bxd2 exd3 0-1

[Event "BL 9293 Koblenz-Stadthagen"]
[Site "?"]
[Date "1993.??.??"]
[Round "?.5"]
[White "Keitlinghaus, L."]
[Black "Reschke, S."]
[Result "1-0"]
[WhiteElo "2455"]
[BlackElo "2335"]
[PlyCount "121"]
[EventDate "1993.??.??"]

1. e4 c5 2. Nc3 Nc6 3. Nf3 g6 4. Bb5 Nd4 5. Nxd4 cxd4 6. Ne2 Bg7 7. O-O Qa5 8.
a4 a6 9. Bc4 Nf6 10. d3 d5 11. exd5 Nxd5 12. Nf4 Nc7 13. Re1 Qf5 14. Qd2 Bf6
15. Qb4 O-O 16. Qb6 Qd7 17. Bd2 Qd6 18. Qxd6 exd6 19. Ba5 Bd8 20. Bb6 g5 21.
Ne2 d5 22. Bb3 Ne6 23. a5 Bxb6 24. axb6 Rd8 25. Ra5 Rd6 26. Rxd5 Rxb6 27. Nxd4
h6 28. Nf5 Kh7 29. Rd6 Rb5 30. Ne7 Kg7 31. Nxc8 Rxc8 32. Rd7 Kg6 33. Re7 Rcc5
34. Bxe6 fxe6 35. R1xe6+ Kf5 36. h3 h5 37. c4 Rxb2 38. f3 Ra5 39. Re2 Rxe2 40.
Rxe2 Ra3 41. g4+ hxg4 42. hxg4+ Kf6 43. Rd2 Ke5 44. d4+ Kd6 45. Rb2 Rxf3 46.
Rxb7 Rd3 47. c5+ Kc6 48. Rb6+ Kc7 49. Rd6 a5 50. Kf2 a4 51. Ke2 Rg3 52. Ra6 a3
53. d5 a2 54. d6+ Kd7 55. Ra7+ Ke6 56. d7 a1=Q 57. d8=N+ Kd5 58. Rxa1 Rxg4 59.
c6 Re4+ 60. Kf3 Re7 61. Rd1+ 1-0

[Event "BL 9293 Koblenz-Stadthagen"]
[Site "?"]
[Date "1993.??.??"]
[Round "?.6"]
[White "Schlick, V."]
[Black "Heissler, J."]
[Result "0-1"]
[WhiteElo "2305"]
[BlackElo "2410"]
[PlyCount "120"]
[EventDate "1993.??.??"]

1. e4 c5 2. Nf3 d6 3. d4 cxd4 4. Nxd4 Nf6 5. Nc3 a6 6. Be2 e5 7. Nb3 Be7 8. O-O
O-O 9. Be3 Be6 10. Nd5 Bxd5 11. exd5 Nbd7 12. c4 Ne8 13. Qd2 a5 14. Rad1 b6 15.
f4 a4 16. Na1 Nef6 17. fxe5 Nxe5 18. Nc2 Ne4 19. Qc1 Re8 20. Nd4 Bf6 21. Bf3
Nc5 22. Nc6 Qd7 23. Bd4 Ned3 24. Qc3 Bxd4+ 25. Qxd4 Ne5 26. Qc3 Qf5 27. Qb4
Ned7 28. h3 Qg5 29. Bg4 Nf6 30. Bf3 Nfd7 31. Rfe1 g6 32. Qc3 Qf6 33. Qxf6 Nxf6
34. Nd4 Rxe1+ 35. Rxe1 Re8 36. Rd1 Kf8 37. b4 axb3 38. axb3 Re3 39. b4 Ncd7 40.
Ra1 Rc3 41. Ra8+ Kg7 42. Be2 Ne4 43. Nb5 Rc1+ 44. Kh2 h5 45. h4 Ne5 46. Re8 Nf6
47. Rc8 Rc2 48. Bf1 Ne4 49. Re8 Ng4+ 50. Kg1 f5 51. Nd4 Rc1 52. Nf3 Ne3 53. Nh2
Nxf1 54. Nxf1 Nd2 55. Kf2 Nxf1 56. Re7+ Kh6 57. c5 bxc5 58. bxc5 dxc5 59. d6
Nh2 60. Ke2 Rc4 0-1

[Event "BL 9293 Koblenz-Stadthagen"]
[Site "?"]
[Date "1993.??.??"]
[Round "?.7"]
[White "Gauglitz, G."]
[Black "Wolf, V."]
[Result "1-0"]
[WhiteElo "2415"]
[BlackElo "2320"]
[PlyCount "107"]
[EventDate "1993.??.??"]

1. d4 e6 2. c4 Nf6 3. Nf3 Bb4+ 4. Bd2 a5 5. g3 b6 6. Bg2 Bb7 7. O-O O-O 8. Bf4
Be7 9. Qc2 Na6 10. Nc3 d5 11. Ne5 c5 12. dxc5 bxc5 13. Rfd1 Qb6 14. Na4 Qa7 15.
Bg5 Rfd8 16. cxd5 exd5 17. Ng4 Nb4 18. Qc1 Bc6 19. Bxf6 Bxa4 20. b3 Bb5 21. Qg5
Bxf6 22. Nxf6+ Kh8 23. Nxd5 h6 24. Qh5 Rab8 25. Nc3 Be8 26. Be4 Qe7 27. Qf5 g6
28. Qf4 Kg7 29. h4 f5 30. Bf3 Bf7 31. Rac1 Qf6 32. Qc7 Rbc8 33. Qb7 g5 34. hxg5
hxg5 35. Nd5 Qe5 36. Nxb4 axb4 37. Rd7 Rxd7 38. Qxd7 Rc7 39. Qd2 Qf6 40. e3 Qe5
41. Qd8 f4 42. exf4 gxf4 43. g4 Ra7 44. Kg2 Rxa2 45. Rh1 Be8 46. Qh4 Kf8 47.
Qh6+ Ke7 48. Qb6 Kf8 49. Rh7 Kg8 50. Qb7 Qf6 51. Re7 Kf8 52. Re4 Rd2 53. Qc8
Rd8 54. Qxc5+ 1-0

[Event "BL 9293 Bayern-Solingen"]
[Site "?"]
[Date "1993.??.??"]
[Round "?.1"]
[White "Podzielny, KH."]
[Black "Huebner, R."]
[Result "0-1"]
[WhiteElo "2450"]
[BlackElo "2620"]
[PlyCount "108"]
[EventDate "1993.??.??"]

1. Nf3 Nf6 2. c4 e6 3. g3 d5 4. Bg2 dxc4 5. O-O Nbd7 6. Qa4 Rb8 7. Qxc4 b5 8.
Qc2 Bb7 9. a4 b4 10. d3 Be7 11. Nbd2 c5 12. b3 O-O 13. Bb2 Rc8 14. Rac1 Nd5 15.
e4 N5b6 16. Rfd1 a5 17. Nf1 Bf6 18. Ne3 Bd4 19. Qe2 Nb8 20. Bxd4 cxd4 21. Rxc8
Qxc8 22. Nc4 Qc5 23. Nfd2 N8d7 24. f4 Nxc4 25. Nxc4 Rc8 26. Rc1 Nb6 27. Qf2 Ba6
28. Rd1 f6 29. Bh3 Re8 30. e5 Nd5 31. Nd6 Re7 32. Ne4 Qb6 33. exf6 gxf6 34. Rc1
Bxd3 35. Rc8+ Kg7 36. Nc5 Ba6 37. Nxa6 Qxa6 38. Rc4 e5 39. Qf3 Ne3 40. Rc6 e4
41. Qxe4 Qb7 42. Bc8 Qa7 43. Ra6 Qc7 44. Rc6 Qd8 45. Re6 Rxe6 46. Bxe6 Qe7 47.
h4 h5 48. Bf5 Nxf5 49. Qxf5 Qe3+ 50. Kh2 Qxb3 51. Qd7+ Qf7 52. Qxd4 Qb7 53. g4
hxg4 54. h5 Qf7 0-1

[Event "BL 9293 Bayern-Solingen"]
[Site "?"]
[Date "1993.??.??"]
[Round "?.2"]
[White "Yusupov, A."]
[Black "Zysk, R."]
[Result "1-0"]
[WhiteElo "2645"]
[BlackElo "2440"]
[PlyCount "47"]
[EventDate "1993.??.??"]

1. d4 f5 2. Nf3 Nf6 3. g3 g6 4. Bg2 Bg7 5. O-O O-O 6. c4 d6 7. Nc3 e6 8. Qc2
Nc6 9. Rd1 Qe7 10. e4 fxe4 11. Nxe4 e5 12. dxe5 Nxe4 13. Qxe4 dxe5 14. g4 Be6
15. h3 Rae8 16. Be3 Nd4 17. Nxd4 exd4 18. Bxd4 Qf7 19. Bc5 Bxc4 20. Qxb7 Rb8
21. Qxa7 Bxb2 22. Bxf8 Rxf8 23. Rab1 Be5 24. Qc5 1-0

[Event "BL 9293 Bayern-Solingen"]
[Site "?"]
[Date "1993.??.??"]
[Round "?.3"]
[White "Reeh, O."]
[Black "Ribli, Z."]
[Result "1/2-1/2"]
[WhiteElo "2435"]
[BlackElo "2620"]
[PlyCount "131"]
[EventDate "1993.??.??"]

1. e4 c5 2. Nf3 d6 3. d4 cxd4 4. Nxd4 Nf6 5. Nc3 a6 6. f4 Qc7 7. Nf3 Nbd7 8. a4
g6 9. Bd3 Bg7 10. O-O O-O 11. Qe1 b6 12. Qh4 Bb7 13. f5 e6 14. Bh6 Bxh6 15.
Qxh6 Ne5 16. Qh4 Qc5+ 17. Kh1 Kg7 18. fxe6 Nxf3 19. Rxf3 fxe6 20. Raf1 g5 21.
Qe1 h6 22. e5 dxe5 23. Ne4 Bxe4 24. Bxe4 Rad8 25. Bd3 a5 26. b3 Qd4 27. c3 Qc5
28. h3 Rc8 29. Ba6 Rcd8 30. b4 Qc7 31. Bd3 axb4 32. cxb4 Rd4 33. Bb1 Qd6 34.
Qf2 Rd2 35. Qe3 Rb2 36. a5 Rxb4 37. axb6 Rxb6 38. Qf2 Qd8 39. Qc5 Qd6 40. Qf2
Qd8 41. Qc5 e4 42. Bxe4 Qd6 43. Qc3 e5 44. Bb1 Rc6 45. Qb2 Rc4 46. Qb7+ Qc7 47.
Qa6 Rf4 48. Rxf4 exf4 49. Qd3 Qf7 50. Re1 Re8 51. Rxe8 Qxe8 52. Qf5 Qf7 53. Bd3
Ng8 54. Qh7+ Kf8 55. Qe4 Qf6 56. Qa8+ Kg7 57. Qe4 Ne7 58. Qh7+ Kf8 59. Qe4 h5
60. Qa8+ Kg7 61. Qe4 g4 62. hxg4 hxg4 63. g3 Ng6 64. Qxg6+ Qxg6 65. Bxg6 Kxg6
66. gxf4 1/2-1/2

[Event "BL 9293 Bayern-Solingen"]
[Site "?"]
[Date "1993.??.??"]
[Round "?.4"]
[White "Bischoff, K."]
[Black "Schaefer, Ma"]
[Result "1-0"]
[WhiteElo "2505"]
[BlackElo "2430"]
[PlyCount "79"]
[EventDate "1993.??.??"]

1. c4 Nf6 2. Nc3 g6 3. e4 d6 4. d4 Bg7 5. f3 O-O 6. Nge2 c5 7. d5 e6 8. Ng3 Ne8
9. Bd3 exd5 10. cxd5 Nd7 11. O-O a6 12. a4 Rb8 13. Kh1 Nc7 14. a5 Ne5 15. Be2
h5 16. f4 Ng4 17. e5 Qh4 18. Bxg4 Bxg4 19. Qa4 Rbd8 20. exd6 Rxd6 21. f5 Bxc3
22. bxc3 Nxd5 23. Ne4 Nxc3 24. Nxc3 Rd4 25. Qb3 Bxf5 26. Bh6 Rfd8 27. Qxb7 Rd3
28. Rac1 R3d6 29. Bf4 R6d7 30. Qf3 Bd3 31. Rfe1 c4 32. Bg3 Qg5 33. Be5 Bf5 34.
Ne4 Bxe4 35. Qxe4 Rd5 36. Bc3 Kh7 37. Qxc4 h4 38. h3 Qg3 39. Rf1 f5 40. Be1 1-0

[Event "BL 9293 Bayern-Solingen"]
[Site "?"]
[Date "1993.??.??"]
[Round "?.5"]
[White "Thesing, M."]
[Black "Kindermann, S."]
[Result "0-1"]
[WhiteElo "2385"]
[BlackElo "2495"]
[PlyCount "62"]
[EventDate "1993.??.??"]

1. e4 e6 2. d4 d5 3. exd5 exd5 4. c4 Nf6 5. Nc3 Bb4 6. Nf3 O-O 7. Be2 dxc4 8.
O-O Bxc3 9. bxc3 Be6 10. Bg5 Nbd7 11. Nd2 b5 12. a4 a6 13. Bf3 Rb8 14. Ne4 h6
15. Bxf6 Nxf6 16. Nc5 Qd6 17. axb5 axb5 18. Ra6 Rb6 19. Rxb6 Qxb6 20. Nxe6 Qxe6
21. Re1 Qd6 22. Re5 b4 23. cxb4 Qxb4 24. h3 Rd8 25. Qa1 Qd2 26. Rc5 Re8 27. Re5
c3 28. Rxe8+ Nxe8 29. Qd1 Qxd1+ 30. Bxd1 Nd6 31. Kf1 Nb5 0-1

[Event "BL 9293 Bayern-Solingen"]
[Site "?"]
[Date "1993.??.??"]
[Round "?.6"]
[White "Boensch, U."]
[Black "Schmidt, B."]
[Result "1/2-1/2"]
[WhiteElo "2490"]
[BlackElo "2340"]
[PlyCount "87"]
[EventDate "1993.??.??"]

1. d4 d5 2. c4 c6 3. Nf3 Nf6 4. Nc3 e6 5. cxd5 cxd5 6. Bf4 Nc6 7. e3 Be7 8. Bd3
O-O 9. h3 Bd7 10. O-O Qb6 11. Qe2 Rfc8 12. Ne5 Be8 13. Rac1 Nd7 14. Nf3 Nf6 15.
Rfd1 Qd8 16. Ne5 Nd7 17. Nxc6 Rxc6 18. e4 Nb6 19. exd5 Nxd5 20. Nxd5 exd5 21.
Qg4 Bf6 22. Be5 Bxe5 23. dxe5 Qe7 24. Qd4 Rac8 25. Rxc6 bxc6 26. Rc1 Rb8 27. a3
a5 28. Rc5 Qb7 29. Rxa5 Qxb2 30. Qxb2 Rxb2 31. Ra8 Kf8 32. a4 Ke7 33. Ra7+ Ke6
34. f4 f6 35. Rxg7 fxe5 36. fxe5 c5 37. Bxh7 Bxa4 38. Bg8+ Kxe5 39. Rg5+ Kf6
40. Rxd5 Rxg2+ 41. Kxg2 Bc6 42. Kg3 Bxd5 43. Bxd5 c4 44. Bxc4 1/2-1/2

[Event "BL 9293 Bayern-Solingen"]
[Site "?"]
[Date "1993.??.??"]
[Round "?.8"]
[White "Stangl, M."]
[Black "Serrer, C."]
[Result "1-0"]
[WhiteElo "2505"]
[BlackElo "2275"]
[PlyCount "93"]
[EventDate "1993.??.??"]

1. d4 g6 2. Nf3 Bg7 3. c4 d6 4. Nc3 Bg4 5. e3 e5 6. Be2 exd4 7. exd4 Nc6 8. O-O
Nge7 9. d5 Bxf3 10. Bxf3 Ne5 11. Ne4 O-O 12. Be2 h6 13. f4 Nd7 14. Ng3 h5 15.
Bd3 f5 16. Re1 h4 17. Nf1 c6 18. Rb1 cxd5 19. cxd5 Kh7 20. Qf3 Nb6 21. Ne3 Bd4
22. Kh1 Rf7 23. Bc2 Rc8 24. Bb3 a5 25. a4 Nd7 26. Qh3 Ng8 27. Bd2 Nh6 28. Re2
Nc5 29. Bc2 Na6 30. Be1 Bf6 31. b3 Nb4 32. Qf3 Nxc2 33. Nxc2 Re7 34. h3 Qe8 35.
Rxe7+ Qxe7 36. Ne3 b6 37. Nc4 Bd4 38. Bf2 Bxf2 39. Qxf2 Qe4 40. Re1 Qxd5 41.
Re7+ Nf7 42. Qxh4+ Kg7 43. Qe1 Rb8 44. Qc3+ Kf8 45. Qf6 Rb7 46. Ne3 Qxb3 47.
Rxb7 1-0

[Event "BL 9293 München 36-Dortmund"]
[Site "?"]
[Date "1993.??.??"]
[Round "?.1"]
[White "Schmittdiel, E."]
[Black "Hertneck, G."]
[Result "1/2-1/2"]
[WhiteElo "2450"]
[BlackElo "2575"]
[PlyCount "63"]
[EventDate "1993.??.??"]

1. e4 e6 2. d4 d5 3. Nd2 Nf6 4. Bd3 c5 5. e5 Nfd7 6. c3 Nc6 7. Ne2 cxd4 8. cxd4
f6 9. exf6 Qxf6 10. Nf3 Bd6 11. Bg5 Qf7 12. O-O e5 13. dxe5 Ndxe5 14. Nxe5 Bxe5
15. f4 Bxb2 16. Rb1 Bf6 17. Qc2 g6 18. Qc5 Be7 19. Bxe7 Qxe7 20. Qxd5 Be6 21.
Qe4 O-O 22. Rf2 Rae8 23. Nd4 Nxd4 24. Qxd4 b6 25. Re1 Rd8 26. Qe3 Qf7 27. Bxg6
hxg6 28. Qxe6 Qxe6 29. Rxe6 Rd1+ 30. Rf1 Rxf1+ 31. Kxf1 Rxf4+ 32. Kg1 1/2-1/2

[Event "BL 9293 München 36-Dortmund"]
[Site "?"]
[Date "1993.??.??"]
[Round "?.2"]
[White "Smejkal, J."]
[Black "Buecker, S."]
[Result "1-0"]
[WhiteElo "2500"]
[BlackElo "2365"]
[PlyCount "109"]
[EventDate "1993.??.??"]

1. Nf3 f5 2. g3 Nf6 3. Bg2 d6 4. d4 g6 5. b3 Bg7 6. Bb2 O-O 7. O-O a5 8. c4 c6
9. Nbd2 Na6 10. a3 Bd7 11. Ne1 Nc7 12. Nd3 Be6 13. Qc2 d5 14. Rac1 Bc8 15. e3
e6 16. f3 Nce8 17. Rce1 Nd6 18. c5 Nf7 19. e4 fxe4 20. fxe4 Nh5 21. e5 Bh6 22.
Nf3 Ng5 23. Nxg5 Bxg5 24. Bc1 Bxc1 25. Qxc1 Bd7 26. Rxf8+ Qxf8 27. g4 Ng7 28.
Qg5 Ne8 29. a4 Qg7 30. Rf1 h6 31. Qd2 g5 32. Rf3 Nc7 33. Nf2 Be8 34. Bf1 Bg6
35. Bd3 Bxd3 36. Nxd3 Qg6 37. Nf2 Ne8 38. Kg2 Kg7 39. Qc3 Ra6 40. h3 Ra8 41.
Kg3 Qb1 42. Kg2 Kg8 43. Qd2 Qh7 44. Nh1 Ng7 45. Qf2 h5 46. Qd2 Rf8 47. Rxf8+
Kxf8 48. Nf2 hxg4 49. hxg4 Qb1 50. Qxg5 Qxb3 51. Qf6+ Kg8 52. g5 Qc2 53. g6 Qf5
54. Qd8+ Qf8 55. Qh4 1-0

[Event "BL 9293 München 36-Dortmund"]
[Site "?"]
[Date "1993.??.??"]
[Round "?.4"]
[White "Lau, R."]
[Black "Kalka, A."]
[Result "1-0"]
[WhiteElo "2530"]
[BlackElo "2385"]
[PlyCount "41"]
[EventDate "1993.??.??"]

1. e4 c5 2. Nf3 d6 3. d4 cxd4 4. Nxd4 Nf6 5. Nc3 g6 6. Be3 Bg7 7. f3 Nc6 8. Qd2
O-O 9. g4 Nxd4 10. Bxd4 Be6 11. O-O-O Qa5 12. a3 Rac8 13. Kb1 Rfd8 14. h4 b6
15. h5 Bc4 16. hxg6 hxg6 17. Bxc4 Rxc4 18. Qh2 Re8 19. Nd5 Qb5 20. Bxf6 exf6
21. Qxd6 1-0

[Event "BL 9293 München 36-Dortmund"]
[Site "?"]
[Date "1993.??.??"]
[Round "?.5"]
[White "Illner, A."]
[Black "Gruenberg, HU."]
[Result "1/2-1/2"]
[WhiteElo "2320"]
[BlackElo "2495"]
[PlyCount "124"]
[EventDate "1993.??.??"]

1. d4 Nf6 2. Nf3 e6 3. Bg5 c5 4. e3 h6 5. Bh4 b6 6. Nbd2 Bb7 7. Bd3 cxd4 8.
exd4 Be7 9. O-O O-O 10. Re1 d6 11. c3 Nbd7 12. Qe2 a6 13. h3 Re8 14. Rad1 Qc7
15. Ne4 b5 16. Nxf6+ Nxf6 17. Bb1 Rac8 18. Qd3 Qc4 19. Qxc4 Rxc4 20. Nd2 Rc7
21. f4 Nh5 22. Bxe7 Rcxe7 23. Rf1 e5 24. fxe5 dxe5 25. dxe5 Rxe5 26. Nf3 Re2
27. Rf2 g6 28. Bd3 Bxf3 29. Bxe2 Bxe2 30. Re1 Ng3 31. Rf3 Nf5 32. Kf2 Nh4 33.
Rf4 g5 34. Rd4 Nxg2 35. Kxg2 Bf3+ 36. Kf2 Rxe1 37. Kxe1 Kg7 38. Kf2 Bb7 39. h4
Kg6 40. Rd6+ f6 41. hxg5 hxg5 42. a4 bxa4 43. c4 Kf5 44. c5 Ke5 45. Rb6 Bc8 46.
Rc6 Bb7 47. Rb6 Bc8 48. c6 Kd6 49. c7+ Kxc7 50. Rxf6 g4 51. Ke3 Bb7 52. Rg6 Bc6
53. Rxg4 Kb6 54. Kd4 Kb5 55. Rg8 Kb4 56. Rg3 Bb5 57. Rc3 Bd7 58. Ke3 Be6 59.
Kd2 Bb3 60. Rg3 Bc4 61. Kc2 Bb3+ 62. Kd3 Bd5 1/2-1/2

[Event "BL 9293 München 36-Dortmund"]
[Site "?"]
[Date "1993.??.??"]
[Round "?.6"]
[White "Volke, K."]
[Black "Theissen, H."]
[Result "1/2-1/2"]
[WhiteElo "2460"]
[BlackElo "2300"]
[PlyCount "66"]
[EventDate "1993.??.??"]

1. d4 Nf6 2. c4 g6 3. Nc3 Bg7 4. e4 d6 5. Nf3 O-O 6. Be2 e5 7. O-O Nc6 8. Be3
Re8 9. dxe5 dxe5 10. Qxd8 Nxd8 11. Nd5 Ne6 12. Ng5 Nxd5 13. cxd5 Nd4 14. Bxd4
exd4 15. Bb5 Re7 16. Rac1 c6 17. Bd3 Bh6 18. f4 cxd5 19. exd5 Re3 20. Bc4 Bf5
21. d6 Bxg5 22. fxg5 Rd8 23. g4 Be6 24. Bxe6 Rxe6 25. Rc7 Rexd6 26. Rfxf7 d3
27. Rg7+ Kh8 28. Rxh7+ Kg8 29. Rcg7+ Kf8 30. Rxb7 Kg8 31. Rbg7+ Kf8 32. Rxa7
Kg8 33. Rhg7+ Kh8 1/2-1/2